Las clases sociales en las sociedades agrarias
Salvato in:
| Autore principale: | |
|---|---|
| Natura: | Libro |
| Lingua: | spagnolo |
| Pubblicazione: |
Ciudad de México
Siglo XXI
1969
|
| Edizione: | 1a. ed |
| Soggetti: | |
| Tags: |
Aggiungi Tag
Nessun Tag, puoi essere il primo ad aggiungerne!!
|
MARC
| LEADER | 00000nam a2200000 a 4500 | ||
|---|---|---|---|
| 001 | UCI5334 | ||
| 003 | CL-VaPUC | ||
| 008 | 080320e19690000MX |||||||||||||||||spa|d | ||
| 082 | 0 | 4 | |a 301.44 |b STA |2 21 |
| 100 | 0 | |a Stavenhagen, Rodolfo |e author |9 527646 | |
| 245 | 1 | 4 | |a Las clases sociales en las sociedades agrarias |
| 250 | |a 1a. ed | ||
| 300 | |a 292 p | ||
| 942 | |c BK | ||
| 945 | |d 20080320 00:00:00 |a jtorresc | ||
| 260 | |a Ciudad de México |b Siglo XXI |c 1969 | ||
| 650 | 0 | |a Clases sociales |9 256858 | |
| 650 | 7 | |a CONDICIONES RURALES |2 CL-VaPUC |9 318555 | |
| 650 | 0 | |a Campesinado |9 440815 | |
| 650 | 7 | |a POBLACION RURAL |2 CL-VaPUC |9 308935 | |
| 650 | 0 | |a Países en desarrollo |9 259663 | |
| 583 | |a last modification |c 20080320 00:00:00 |k Rodrigo Vera | ||
| 999 | |c 329087 |d 329085 | ||
| 952 | |0 0 |1 0 |4 0 |6 301_440000000000000_STA_1969 |7 0 |8 A |9 413409 |a BIBHIS |b BIBHIS |d 2019-11-22 |i 4416589 |o 301.44 STA 1969 |p 4416589 |r 2025-01-20 |w 2019-11-22 |y BK |k HIS | ||